000 01090nam a22002537a 4500
003 NALT
005 20251125233116.0
008 s2557 th tha d
020 _a9786160420063
040 _aNALT
041 _atha
050 _aDG 672.2
_bช371ช 2557
100 0 _aชัยกร หาญไฟฟ้า
_931061
245 1 0 _aชะโงก ดม งม เงา /
_cชัยกร หาญไฟฟ้า.
260 _aกรุงเทพฯ :
_bนานมีบุ๊คส์พับลิเคชั่นส์,
_c2557.
300 _a174 หน้า :
_bภาพประกอบ ;
_c21 ซม.
651 4 _943318
_aเวนิส (อิตาลี)
_xรวมเรื่อง
651 4 _943319
_aเวนิส (อิตาลี)
_xภูมิประเทศและการท่องเที่ยว
850 _aNALT
856 4 0 _uhttps://hdl.handle.net/20.500.14156/519712
942 _cGB
_2lcc
996 _asaiphon.d
_bCATSTF
_c2023-03-16
999 _c72060
_d72060
998 _j104
_k นางสาวสายฝน ดีงาม